000 00981nab a2200265 u 4500
001 02780
003 HDC
007 cr bn ---
008 201220p2009 xx n |0 eng
040 _aHDC
100 _aJusmaliani,
_eauthor
_9769
245 0 _aReligiosity Aspect in Consumer Behaviour: Determinants of Halal Meat Consumption /
_cby Jusmaliani and Hanny Nasution
260 _a[No Place] :
_b[publisher not identified],
_c2009
300 _a1 online resource (12 pages)
336 _atext
_2rdacontent
337 _acomputer
_2rdamedia
338 _aonline resource
_2rdacarrier
650 _aHalal food industry
_xCertification
_9415
650 _aHalal food
_950
650 _aSlaughtering and slaughter-houses (Islamic law)
_9690
856 _zRequest full-text at [email protected]
942 _2lcc
942 _cAR
942 _kJART 001578
999 _c167
_d167